000 00336nam a2200133Ia 4500
008 231129s1954||||xx |||||||||||||| ||spa||
040 _bspa
082 _a946.03 i24i
100 _aIgual Ubeda Antonio
245 0 _aHistoria de la cultura espanola : El imperio espanol
260 _c1954
264 _aSeix Barral
942 _2ddc
_cBKS
999 _c15101
_d15101